000 00658nam a2200241Ia 4500
003 OSt
005 20220925220020.0
006 a|||||r|||| 00| 0
007 ta
008 220923b |||||||| |||| 00| 0 eng d
020 _a0669993824
037 _cGeneral Book
040 _aRTL
_cRTL
_beng
041 _2eng
_aeng
082 _aX:3L, L5
100 _aLindberg Leon N Ed.
_9284000
245 0 _aStress & contradiction in modern capitalism
260 _aLondon
_bLexington Books
_c1975
300 _axiv, 450p
_ccm.
650 _aWages
_9229845
942 _hX:3L, L5
_cGB
_2CC
999 _c570311
_d570311